000
00306nam a22001337a 4500
008
171025b xxu||||| |||| 00| 0 eng d
020
_a
9781111529192
041
_a
eng
080
_2
2012 ED
_a
336.2
100
_a
55
101
_a
TAK
245
_a
INCOME TAX FUNDAMENTALS
_c
BULLER.W.A
942
_2
udc
_c
BK
999
_c
35924
_d
35924